000
00283nam a2200121 4500
003
OSt
005
20230717142145.0
008
230707b |||||||| |||| 00| 0 eng d
028
_b
Apex
040
_c
Apex
245
_a
International Journal of fuzzy and design
942
_2
ddc
_n
0
_c
BK
_s
1
999
_c
35875
_d
35875